000 00505nam a2200181Ia 4500
005 20250326124225.0
008 250326s9999 xx 000 0 und d
037 _aTextbook
040 _aFMSL
_beng
_cFMSL
041 _aeng
_2eng
084 _aX:51ogB28 L1
_qFMSL
100 _aDay R L
_9736960
245 0 _aMarketing models
_cDay R L; Parsons L J
260 _aLondon
_bLondon, Intext Educational
_c1971
300 _a687p
942 _cTB
_hX:51ogB28 L1
999 _c1272817
_d1272817